00718nam a2200205 a 450000100100000000500170001000800410002702000150006804000250008308200130010810000260012124500660014726000370021330000280025049000120027850000730029083000210036395201110038499900170049500004311720201002040641.0140219s1996 sp ac 001 0 spa d a8480680377 aDO-SdBNPbspacBNPHU axxxbxxx1 aCueto, Roberto97065410aCien bandas sonoras en la historia del cine /cRoberto Cueto. aMadrid :bNuer Ediciones,c1996. a480 p. :bil. ;c20 cm.1 aNuerv1 aIncluye referencias bibliográficas y notas al pie de las páginas 0aNuer ;n1970655 001050718MOaGRbGRcCTd2014-02-19iLF1l0oxxx xxxp43117-10r2020-06-25w2020-06-25y1ZNo se presta c42606d42606